00405nam a2200169Ia 4500003000400000005001700004008004100021020001500062040000700077041000800084082002100092100002300113245002900136260004000165300001700205365001300222OSt20230405150742.0210423s2008 xx 000 0 und d a9789762103 cAL aeng a371.4 223bQURH aQURESHI (Hasnain). aEducational counselling. aNew DelhibAnmol Publicationsc2008 aviii,391bPB b190cINR